Statistics for Best Nickelodeon Shows of the 2000's

Click here to take the quiz!

General Stats

  • This quiz has been taken 199 times
  • The average score is 7 of 17

Answer Stats

HintAnswer% Correct
ICiCarly
83%
D&JDrake and Josh
78%
VVictorious
68%
SBSPSpongebob SquarePants
60%
ZZoey 101
60%
RRugrats
41%
A: TLAAvatar: The Last Airbender
38%
JNThe Adventures of Jimmy Neutron: Boy Genious
36%
TFOPThe Fairly OddParents
36%
ND: SSGNed's Declassified: School Survival Guide
34%
HAHey Arnold
24%
DPDanny Phantom
23%
MLAATRMy Life as a Teenage Robot
19%
IZInvader ZIm
18%
BATBBack at the Barnyard
15%
TWTThe Wild Thornberrys
11%
BCBlue's Clues
9%

Score Distribution

Percentile by Number Answered

Percent of People with Each Score

Your Score History

You have not taken this quiz